| 000 | 00689nam a2200229 a 4500 | ||
|---|---|---|---|
| 001 | 000042840 | ||
| 003 | DO-SdBNP | ||
| 005 | 20220223113022.0 | ||
| 007 | ta | ||
| 008 | 140211s2012 dr 000 0 spa d | ||
| 020 | _a9789945471380 | ||
| 040 |
_aDO-SdBNP _bspa _cBNPHU |
||
| 082 | 4 |
_bA473L _222 |
|
| 100 | 1 |
_aÁlvarez, Eduardo, _d1953- _977909 |
|
| 245 | 1 | 3 |
_aLa buena familia de Fe Luna / _cEduardo Álvarez ; corrección de estilo Miriam Veliz. |
| 260 |
_aSanto Domingo : _bAmigo del Hogar, _c2012. |
||
| 300 |
_a395 p. ; _c22 cm. |
||
| 500 | _aIncluye datos biográficos del autor en las solapas. | ||
| 590 | _aInventariado, 2022/BT | ||
| 910 | _aBtavárez | ||
| 942 |
_2ddc _cLBS1 |
||
| 999 |
_c42329 _d42329 |
||